000 00760nam a22002297a 4500
003 OSt
005 20260428100523.0
008 260428b |||||||| |||| 00| 0 eng d
020 _a9788198041005
040 _cMILA
_dMILA_ain
050 _aHD38.5
_b.R38 2024
100 1 _aRathee, Mamta Malik.
245 1 0 _aWarehouse management and inventory control system /
_cMamta Malik Rathee and Pushpa Rani.
260 _aJashpur Nagar, Chattisgarh :
_bLiteratureslight Publishing House,
_c2024.
300 _a146 p. ;
_c23 cm.
500 _aIncludes basic concepts of warehouse management and inventory control systems.
650 0 _aInventory control.
650 0 _aWarehouses
_xManagement.
650 0 _aLogistics.
700 1 _aRani, Pushpa.
942 _2lcc
_cBK
999 _c2615
_d2615